La Huaca : el tresor amagat : contes del món / Associació lliure d'alumnes de l'IES Eugeni d'Ors de Badalona ; coordinació del projecte a càrrec de Teresa Sanz Coll] el tresor amagat :

ISBN: 84-9333585-0-9
Descripció física: 110 p. : il. col. ; 18 cm
Altres autors: Sanz, Teresa

MARC

LEADER 00000nam a2200000Ia 4500
001 19524
003 BGR
005 20260324175338.0
008 160829s2005 xx 000 0 cat d
020 |a 84-9333585-0-9 
080 |a L-2-91 
110 2 |a IES Eugeni d'Ors (Badalona)  |9 71033 
245 |a La Huaca :  |b  el tresor amagat :  |b  contes del món / Associació lliure d'alumnes de l'IES Eugeni d'Ors de Badalona ; coordinació del projecte a càrrec de Teresa Sanz Coll] 
250 |a 2a ed. 
260 |a Badalona :  |b Edicions Fet a Mà. Associació d'Agitació Cutlural :  |b Ajuntament de Badalona :  |b Diputació de Barcelona,  |c 2005 
300 |a 110 p. :  |b  il. col. ;  |c 18 cm 
590 |a Edició políglota 
700 1 |a Sanz, Teresa  |h (Sanz Coll)  |e coordinador  |9 54069 
710 1 |a Badalona (Catalunya).  |b Ajuntament  |9 51810 
710 1 |a Barcelona (Catalunya : Província).  |b Diputació  |9 52408 
901 |a Arxiu 
942 |n 1  |2 udc  |c MON 
952 |0 0  |1 0  |4 0  |6 L291  |7 1  |9 44724  |a Arxiu  |b Arxiu  |d 2016-12-01  |l 0  |o L-2-91  |p 19524  |r 2016-12-01 00:00:00  |w 2016-12-01  |y ARXIU 
999 |c 47306  |d 47306